000 00349nam a2200133Ia 4500
005 20260328104343.0
008 260328s9999||||xx |||||||||||||| ||und||
100 _aBarney Caldas, Benjamín
245 0 _aEl Proyecto en la Arquitectura /
_cBenjamín Barney Caldas
260 _bSPatiño
300 _a366 p.
650 _aARQUITECTOS
942 _cBK
999 _c12176
_d12176